<?xml version='1.0' encoding='UTF-8'?>
  <record xmlns="http://www.loc.gov/MARC21/slim">
    <leader>00000cam a22000007i 4500</leader>
    <controlfield tag="001">ocm64111389</controlfield>
    <controlfield tag="003">OCoLC</controlfield>
    <controlfield tag="005">20231213210205.5</controlfield>
    <controlfield tag="008">850116s1798    ne     f      000 0 dut d</controlfield>
    <datafield tag="040" ind1=" " ind2=" ">
      <subfield code="a">NLGGC</subfield>
      <subfield code="b">dut</subfield>
      <subfield code="e">dcrmb</subfield>
      <subfield code="e">rda</subfield>
      <subfield code="e">fobidrtb</subfield>
      <subfield code="c">NLGGC</subfield>
      <subfield code="d">QGE</subfield>
      <subfield code="d">OCLCQ</subfield>
      <subfield code="d">OCLCL</subfield>
    </datafield>
    <datafield tag="026" ind1=" " ind2=" ">
      <subfield code="e">179808 - a1 *2 an : a2 4*3 $zeg; - b1 A e : b2 X we</subfield>
      <subfield code="2">stcnf</subfield>
    </datafield>
    <datafield tag="029" ind1="0" ind2=" ">
      <subfield code="a">NLGGC</subfield>
      <subfield code="b">850263328</subfield>
    </datafield>
    <datafield tag="035" ind1=" " ind2=" ">
      <subfield code="a">(OCoLC)64111389</subfield>
    </datafield>
    <datafield tag="100" ind1="1" ind2=" ">
      <subfield code="a">Schouten, Petrus,</subfield>
      <subfield code="d">1745-1805.</subfield>
      <subfield code="1">https://id.oclc.org/worldcat/entity/E39PBJyxmjCXwtjKbHVkryDrMP</subfield>
    </datafield>
    <datafield tag="245" ind1="1" ind2="0">
      <subfield code="a">Verantwoording van Frans Voorhout, wegens zijnen overgang, uit de gemeenschap der Gereformeerden tot die van de Roomsch-Katholijke Kerk; met eene voorrede, voornaamlijk ingericht ter beantwoording van het drietal brieven, over gemelden overgang, tusschen vrienden te Utrecht en te Alkmaar /</subfield>
      <subfield code="c">door Petrus Schouten.</subfield>
    </datafield>
    <datafield tag="260" ind1=" " ind2=" ">
      <subfield code="a">Te Amsterdam, :</subfield>
      <subfield code="b">bij P. van Buuren, en te Alkmaar, bij Arend Hoogland Bierlaagh,</subfield>
      <subfield code="c">1798.</subfield>
    </datafield>
    <datafield tag="300" ind1=" " ind2=" ">
      <subfield code="a">4 stukjes (224, LXXII pagina's) ;</subfield>
      <subfield code="c">in-8.</subfield>
    </datafield>
    <datafield tag="336" ind1=" " ind2=" ">
      <subfield code="a">tekst</subfield>
      <subfield code="b">txt</subfield>
      <subfield code="2">rdacontent/dut</subfield>
    </datafield>
    <datafield tag="337" ind1=" " ind2=" ">
      <subfield code="a">zonder medium</subfield>
      <subfield code="b">n</subfield>
      <subfield code="2">rdamedia/dut</subfield>
    </datafield>
    <datafield tag="338" ind1=" " ind2=" ">
      <subfield code="a">band</subfield>
      <subfield code="b">nc</subfield>
      <subfield code="2">rdacarrier/dut</subfield>
    </datafield>
    <datafield tag="340" ind1=" " ind2=" ">
      <subfield code="a">papier</subfield>
      <subfield code="m">in-8</subfield>
    </datafield>
    <datafield tag="500" ind1=" " ind2=" ">
      <subfield code="a">*-3*⁸ 4*⁴ A-C⁸ D² D-G⁸ H² I-M⁸ N1 O-V⁸ X1.</subfield>
    </datafield>
    <datafield tag="510" ind1="4" ind2=" ">
      <subfield code="a">STCN PPN</subfield>
      <subfield code="c">187693412</subfield>
    </datafield>
    <datafield tag="710" ind1="1" ind2=" ">
      <subfield code="a">Buuren, Pieter van (Amsterdam)</subfield>
      <subfield code="4">prt</subfield>
      <subfield code="0">(NL-LeOCL)077135962</subfield>
    </datafield>
    <datafield tag="710" ind1="1" ind2=" ">
      <subfield code="a">Hoogland Bierlaag, Arend (Alkmaar)</subfield>
      <subfield code="4">prt</subfield>
      <subfield code="0">(NL-LeOCL)077173678</subfield>
    </datafield>
    <datafield tag="752" ind1=" " ind2=" ">
      <subfield code="a">Nederland</subfield>
      <subfield code="d">Amsterdam</subfield>
      <subfield code="e">plaats van uitgave</subfield>
      <subfield code="4">pup</subfield>
    </datafield>
    <datafield tag="752" ind1=" " ind2=" ">
      <subfield code="a">Nederland</subfield>
      <subfield code="d">Alkmaar</subfield>
      <subfield code="e">plaats van uitgave</subfield>
      <subfield code="4">pup</subfield>
    </datafield>
    <datafield tag="776" ind1="0" ind2=" ">
      <subfield code="t">Verantwoording van Frans Voorhout, wegens zijnen overgang, uit de gemeenschap der Gereformeerden tot die van de Roomsch-Katholijke Kerk; met eene voorrede, voornaamlijk ingericht ter beantwoording van het drietal brieven, over gemelden overgang, tusschen vrienden te Utrecht en te Alkmaar</subfield>
      <subfield code="w">(NL-LeOCL)426243714</subfield>
    </datafield>
    <datafield tag="776" ind1="0" ind2=" ">
      <subfield code="t">Verantwoording van Frans Voorhout, wegens zijnen overgang, uit de gemeenschap der Gereformeerden tot die van de Roomsch-Katholijke Kerk; met eene voorrede, voornaamlijk ingericht ter beantwoording van het drietal brieven, over gemelden overgang, tusschen vrienden te Utrecht en te Alkmaar</subfield>
      <subfield code="w">(NL-LeOCL)426243722</subfield>
    </datafield>
  </record>